Countries of South America - 15 second sprint - Statistics

General Stats
  • This quiz has been taken 88 times
  • The average score is 9 of 12
Answers on the Map
Answers color-coded by a green-red scale on the quiz's map according to % correct below.
 
Answer Stats
Answer % Correct
Brazil
95%
Guyana
82%
Argentina
77%
Bolivia
77%
Colombia
77%
Peru
77%
Suriname
77%
Ecuador
73%
Uruguay
73%
Venezuela
73%
Chile
68%
Paraguay
68%
No matching quizzes found
Score Distribution
Percent of People with Each Score
Percentile by Number Answered
Your Score History
You have not taken this quiz